000 00575nam a2200181Ia 4500
008 090630s9999 xx 000 0 und d
082 _b10320
100 _aबांदोडकर व. पु.
245 _aदुभंग.
_cबांदोडकर व. पु.
260 _bबांदोडकर - गोवा.
_c1990
300 _a203
600 _aबांदोडकर व. पु.
630 _aदुभंग.
655 _aकादंबरी.
700 _aबांदोडकर व. पु.
730 _aदुभंग.
942 _cBOOK
999 _c262176
_d262176